000 00236nam a2200097Ia 4500
001 1157095
005 20250827011235.0
008 250824s9999 xx 000 0 und d
245 0 _aNE OKURSAN O OLURSUN
_cROBERT DIYANNI
260 _bANTRE
999 _c1157095
_d1157095